Tapez la première lettre des départements français - Mort subite - Statistiques

Statistiques générales
  • Ce quiz a été pris 2 025 fois
  • Le résultat moyen est 14 sur 101
Réponses sur la Carte
Les réponses sont colorées sur une échelle allant du rouge au vert en fonction du pourcentage des utilisateurs qui les ont devinées à leur premier essai. Vous pouvez retrouver ces pourcentages ci-dessous.
 
Statistiques - réponses
Départements % Correct
Alpes-Maritimes
20%
Mayotte
19%
Calvados
17%
Gironde
17%
Martinique
17%
Paris
17%
Creuse
16%
Deux-Sèvres
16%
Eure
16%
Finistère
16%
Gard
16%
Haute-Savoie
16%
Ille-et-Vilaine
16%
La Réunion
16%
Meurthe-et-Moselle
16%
Nièvre
16%
Nord
16%
Saône-et-Loire
16%
Var
16%
Cantal
15%
Corse-du-Sud
15%
Dordogne
15%
Guadeloupe
15%
Guyane
15%
Haute-Garonne
15%
Hérault
15%
Indre-et-Loire
15%
Isère
15%
Jura
15%
Loire
15%
Loire-Atlantique
15%
Lozère
15%
Mayenne
15%
Morbihan
15%
Moselle
15%
Rhône (et métropole de Lyon)
15%
Seine-Maritime
15%
Ain
14%
Ardèche
14%
Ariège
14%
Bouches-du-Rhône
14%
Charente-Maritime
14%
Corrèze
14%
Côtes-d'Armor
14%
Drôme
14%
Haute-Corse
14%
Hautes-Pyrénées
14%
Haut-Rhin
14%
Landes
14%
Loiret
14%
Maine-et-Loire
14%
Manche
14%
Orne
14%
Pyrénées-Atlantiques
14%
Pyrénées-Orientales
14%
Savoie
14%
Seine-Saint-Denis
14%
Territoire de Belfort
14%
Val-d'Oise
14%
Yonne
14%
Yvelines
14%
Aisne
13%
Allier
13%
Alpes-de-Haute-Provence
13%
Ardennes
13%
Aude
13%
Aveyron
13%
Bas-Rhin
13%
Charente
13%
Côte-d'Or
13%
Doubs
13%
Essonne
13%
Eure-et-Loir
13%
Gers
13%
Haute-Marne
13%
Hautes-Alpes
13%
Indre
13%
Meuse
13%
Oise
13%
Pas-de-Calais
13%
Sarthe
13%
Somme
13%
Tarn
13%
Vienne
13%
Aube
12%
Haute-Saône
12%
Hauts-de-Seine
12%
Loir-et-Cher
12%
Lot
12%
Lot-et-Garonne
12%
Marne
12%
Seine-et-Marne
12%
Val-de-Marne
12%
Vaucluse
12%
Vendée
12%
Cher
11%
Haute-Loire
11%
Haute-Vienne
11%
Puy-de-Dôme
11%
Tarn-et-Garonne
10%
Vosges
10%
Aucun quiz correspondant
Distribution des résultats
% des personnes avec chaque résultat
Percentile par nombre de réponses
Votre historique - résultats
Vous n’avez pas pris ce quiz